000
00282nam a22001337a 4500
008
180926b xxu||||| |||| 00| 0 eng d
020
_a
9780077274313
041
_a
eng
080
_2
10th
_a
541
100
_a
12
101
_a
kim
245
_a
chemistry
_c
chang.r
942
_2
udc
_c
BK
999
_c
48506
_d
48506